书目信息 |
| 题名: |
病原生物学与免疫学实验教程
|
|
| 作者: | 马立人 主编 | |
| 分册: | ||
| 出版信息: | 中国科学文化出版社 2004 |
|
| 页数: | 213页 | |
| 开本: | 26cm | |
| 丛书名: | ||
| 单 册: | ||
| 中图分类: | R37 | |
| 科图分类: | ||
| 主题词: | 医药学:微生物学 | |
| 电子资源: | ||
| ISBN: | 962-8467-25-5 | |
| 000 | 00564nam0 2200181 450 | |
| 001 | 0633334009 | |
| 005 | 20061019154858.96 | |
| 010 | @a962-8467-25-5@dCNY28.00 | |
| 100 | @a20060929d2004 km y0chiy0120 ea | |
| 101 | 0 | @achi |
| 200 | 1 | @a病原生物学与免疫学实验教程@Abing yuan sheng wu xue yu mian yi xue shi yan jiao cheng@f马立人 等主编@Fma li ren deng zhu bian |
| 210 | @c中国科学文化出版社@d2004 | |
| 215 | @a213页@d26cm | |
| 606 | 0 | @a医药学:微生物学 |
| 690 | @aR37@v3 | |
| 701 | 0 | @a马立人@Ama li ren@4主编 |
| 801 | 0 | @aCN@bPFT@c20061019 |
| 905 | @a10447@dR37@e114 | |
| 病原生物学与免疫学实验教程/马立人 等主编.-中国科学文化出版社,2004 |
| 213页;26cm |
| ISBN 962-8467-25-5:CNY28.00 |
| ● |
| 相关链接 |
|
|
|
|
正题名:病原生物学与免疫学实验教程
索取号:R37/114
 
预约/预借
| 序号 | 登录号 | 条形码 | 馆藏地/架位号 | 状态 | 备注 |
| 1 | 0483949 | 204839498 | 密集书库/ [索取号:R37/114] | 在馆 | |
| 2 | 0504067 | 205040677 | 密集书库/ [索取号:R37/114] | 在馆 | |
| 3 | 0504068 | 205040686 | 密集书库/ [索取号:R37/114] | 在馆 |